<?xml version="1.0" encoding="UTF-8"?>
<record
    xmlns:xsi="http://www.w3.org/2001/XMLSchema-instance"
    xsi:schemaLocation="http://www.loc.gov/MARC21/slim http://www.loc.gov/standards/marcxml/schema/MARC21slim.xsd"
    xmlns="http://www.loc.gov/MARC21/slim">

  <leader>00875cam a2200265 i 4500</leader>
  <datafield tag="999" ind1=" " ind2=" ">
    <subfield code="c">7202</subfield>
    <subfield code="d">7202</subfield>
  </datafield>
  <datafield tag="020" ind1=" " ind2=" ">
    <subfield code="a">9789860669800</subfield>
    <subfield code="c">NT$360</subfield>
  </datafield>
  <datafield tag="100" ind1="1" ind2=" ">
    <subfield code="a">&#x674E;&#x7DAD;&#x6587;</subfield>
  </datafield>
  <datafield tag="245" ind1="1" ind2="0">
    <subfield code="a">&#x95DC;&#x4FC2;&#x529B; :</subfield>
    <subfield code="b">&#x7528;10%&#x95DC;&#x9375;&#x4EBA;&#x7269;, &#x6210;&#x5C31;90%&#x5927;&#x4E8B;! /</subfield>
    <subfield code="c">&#x674E;&#x7DAD;&#x6587;&#x8457;</subfield>
  </datafield>
  <datafield tag="250" ind1=" " ind2=" ">
    <subfield code="a">&#x521D;&#x7248;</subfield>
  </datafield>
  <datafield tag="260" ind1=" " ind2=" ">
    <subfield code="a">&#x65B0;&#x5317;&#x5E02; :</subfield>
    <subfield code="b">&#x65B9;&#x821F;&#x6587;&#x5316;&#x51FA;&#x7248; :</subfield>
    <subfield code="b">&#x9060;&#x8DB3;&#x6587;&#x5316;&#x767C;&#x884C;,</subfield>
    <subfield code="c">2021[&#x6C11;110]</subfield>
  </datafield>
  <datafield tag="300" ind1=" " ind2=" ">
    <subfield code="a">255&#x9762; ;</subfield>
    <subfield code="c">23&#x516C;&#x5206;</subfield>
  </datafield>
  <datafield tag="490" ind1="1" ind2=" ">
    <subfield code="a">&#x8077;&#x5834;&#x65B9;&#x821F; ;</subfield>
    <subfield code="v">19.</subfield>
  </datafield>
  <datafield tag="942" ind1=" " ind2=" ">
    <subfield code="2">ccl</subfield>
    <subfield code="c">BOOK</subfield>
  </datafield>
  <datafield tag="952" ind1=" " ind2=" ">
    <subfield code="0">0</subfield>
    <subfield code="1">0</subfield>
    <subfield code="2">ccl</subfield>
    <subfield code="4">0</subfield>
    <subfield code="7">0</subfield>
    <subfield code="a">yeezen</subfield>
    <subfield code="b">yeezen</subfield>
    <subfield code="d">2021-12-08</subfield>
    <subfield code="l">1</subfield>
    <subfield code="o">191.9</subfield>
    <subfield code="p">C02787</subfield>
    <subfield code="r">2022-05-18 00:00:00</subfield>
    <subfield code="s">2022-05-04</subfield>
    <subfield code="w">2021-12-08</subfield>
    <subfield code="y">BOOK</subfield>
    <subfield code="z">&#x7528;&#x5C0D;&#x300C;&#x95DC;&#x4FC2;&#x529B;&#x300D;&#xFF0C;&#x4EE5;90%&#x7684;&#x7CBE;&#x529B;&#x7D93;&#x71DF;10%&#x7684;&#x95DC;&#x9375;&#x95DC;&#x4FC2;&#x3002;&#x4F60;&#x8A8D;&#x8B58;&#x8AB0;&#x6BD4;&#x4F60;&#x662F;&#x8AB0;&#x66F4;&#x91CD;&#x8981;&#xFF0C;&#x4E09;&#x5927;&#x6B65;&#x9A5F;&#xFF0C;&#x8B93;&#x4EBA;&#x8108;&#x7DB2;&#x7D61;&#x70BA;&#x4F60;&#x7684;&#x7406;&#x60F3;&#x4EBA;&#x751F;&#x6548;&#x529B;&#xFF01;</subfield>
  </datafield>
</record>
